[Event "ZN-2014-0-02610"]
[Site "LSS email"]
[Date "2014.02.19"]
[Round "?"]
[White "Lenz, Juergen"]
[Black "Mitschke, Jonas"]
[Result "1-0"]
[WhiteElo "1093"]
[BlackElo "410"]
[PlyCount "25"]
[EventDate "2014.02.16"]
[EventType "match (corr)"]
[EventRounds "2"]
[EventCountry "GER"]
[SourceTitle "Corr 2022"]
[Source "ChessBase"]
[SourceDate "2021.10.24"]
[SourceVersion "1"]
[SourceVersionDate "2021.10.24"]
[SourceQuality "1"]

1. d4 d5 2. Nf3 a5 3. Bf4 a4 4. c4 dxc4 5. Nc3 Bg4 6. Ne5 Ra5 7. Nxg4 Rf5 8. Qd2 Rxf4 9. Qxf4 h5 10. Ne5 Qd7 11. Qxf7+ Kd8 12. Nxd7 Kc8 13. Qe8# 1-0

[Event "ZN-2014-0-02610"]
[Site "LSS email"]
[Date "2014.02.19"]
[Round "?"]
[White "Mitschke, Jonas"]
[Black "Lenz, Juergen"]
[Result "0-1"]
[WhiteElo "259"]
[BlackElo "1003"]
[PlyCount "36"]
[EventDate "2014.02.16"]
[EventType "match (corr)"]
[EventRounds "2"]
[EventCountry "GER"]
[SourceTitle "Telechess CBM 167"]
[Source "ChessBase"]
[SourceDate "2015.07.13"]
[SourceVersion "1"]
[SourceVersionDate "2015.07.13"]
[SourceQuality "1"]

1. d4 c5 2. a4 cxd4 3. a5 Nc6 4. Bg5 d5 5. Ra4 Nf6 6. Bxf6 gxf6 7. Rxd4 Nxd4 8. Qd2 e5 9. Qd1 Bf5 10. Nf3 Nxc2+ 11. Qxc2 Bxc2 12. h4 Qxa5+ 13. Nc3 Bb4 14. Kd2 Be4 15. Ke1 Bxc3+ 16. bxc3 Qxc3+ 17. Kd1 Qc2+ 18. Ke1 Qc1# 0-1

[Event "OP-2014-0-03283"]
[Site "LSS email"]
[Date "2014.02.09"]
[Round "?"]
[White "Mitschke, Jonas"]
[Black "Pepermans, Toon"]
[Result "0-1"]
[WhiteElo "259"]
[BlackElo "2379"]
[PlyCount "38"]
[EventDate "2014.02.03"]
[EventType "tourn (corr)"]
[EventRounds "4"]
[EventCountry "GER"]
[SourceTitle "Telechess CBM 167"]
[Source "ChessBase"]
[SourceDate "2015.07.13"]
[SourceVersion "1"]
[SourceVersionDate "2015.07.13"]
[SourceQuality "1"]

1. e4 c5 2. Bb5 Nc6 3. e5 Nxe5 4. Bxd7+ Qxd7 5. c4 Nf6 6. Kf1 Nxc4 7. Qe1 b5 8. d3 Qxd3+ 9. Qe2 Qf5 10. Bg5 Qxg5 11. g4 Bb7 12. f3 0-0-0 13. Ke1 Qc1+ 14. Kf2 h5 15. gxh5 Nxh5 16. h4 Nf4 17. h5 Nxe2 18. Kxe2 Qc2+ 19. Kf1 Rd1# 0-1

[Event "OP-2014-0-03283"]
[Site "LSS email"]
[Date "2014.02.09"]
[Round "?"]
[White "Vontina, Maria"]
[Black "Mitschke, Jonas"]
[Result "1-0"]
[WhiteElo "709"]
[BlackElo "415"]
[PlyCount "25"]
[EventDate "2014.02.03"]
[EventType "tourn (corr)"]
[EventRounds "4"]
[EventCountry "GER"]
[SourceTitle "Corr 2024"]
[Source "ChessBase"]
[SourceDate "2023.10.19"]
[SourceVersion "1"]
[SourceVersionDate "2023.10.19"]
[SourceQuality "1"]

1. e4 e5 2. Nf3 Bb4 3. Bc4 Kf8 4. c3 Bc5 5. 0-0 h5 6. d4 exd4 7. cxd4 Bxd4 8. Qxd4 h4 9. Ng5 Rh6 10. Nxf7 Ke8 11. Nxd8 Kxd8 12. Qxg7 Rh5 13. Qf8# 1-0

[Event "SN-2014-0-00610"]
[Site "LSS email"]
[Date "2014.02.06"]
[Round "?"]
[White "Mitschke, Jonas"]
[Black "Lombardi, Donato"]
[Result "0-1"]
[WhiteElo "423"]
[BlackElo "951"]
[PlyCount "50"]
[EventDate "2014.06.27"]
[EventType "tourn (corr)"]
[EventRounds "6"]
[EventCountry "GER"]
[SourceTitle "Corr 2024"]
[Source "ChessBase"]
[SourceDate "2023.10.19"]
[SourceVersion "1"]
[SourceVersionDate "2023.10.19"]
[SourceQuality "1"]

1. e4 e6 2. Bb5 c6 3. Bc4 d5 4. exd5 cxd5 5. Bb5+ Nc6 6. Bxc6+ bxc6 7. d4 Nf6 8. a4 Bd6 9. h4 Ba6 10. a5 0-0 11. Qe2 Bxe2 12. Kxe2 e5 13. dxe5 Bxe5 14. Kf1 Ng4 15. h5 Nh2+ 16. Rxh2 Bxh2 17. Ke1 Bxg1 18. Kd2 Qg5+ 19. Kd1 Qxg2 20. Kd2 Bxf2 21. Kc3 d4+ 22. Kb3 Qd5+ 23. Ka3 Qxa5+ 24. Kb3 Rab8+ 25. Kc4 Qb5# 0-1

[Event "ZN-2014-0-02597"]
[Site "LSS email"]
[Date "2014.02.06"]
[Round "?"]
[White "Mitschke, Jonas"]
[Black "Tassinati, Mirco"]
[Result "0-1"]
[WhiteElo "256"]
[BlackElo "520"]
[PlyCount "36"]
[EventDate "2014.02.03"]
[EventType "match (corr)"]
[EventRounds "2"]
[EventCountry "GER"]
[SourceTitle "Telechess CBM 167"]
[Source "ChessBase"]
[SourceDate "2015.07.13"]
[SourceVersion "1"]
[SourceVersionDate "2015.07.13"]
[SourceQuality "1"]

1. e4 e5 2. Bb5 Nf6 3. Bxd7+ Bxd7 4. a4 Nc6 5. a5 Bc5 6. Nf3 0-0 7. Ra4 Nd4 8. Rc4 b6 9. Nxe5 Be6 10. Qh5 Bd6 11. Rxd4 Nxh5 12. Nxf7 Bxf7 13. a6 c5 14. Rxd6 Qxd6 15. Kf1 Rfe8 16. c4 Qd3+ 17. Kg1 Qxb1 18. d3 Qxc1# 0-1

[Event "OP-2014-0-03277"]
[Site "LSS email"]
[Date "2014.02.03"]
[Round "?"]
[White "Moscoso, Fernando"]
[Black "Mitschke, Jonas"]
[Result "1-0"]
[WhiteElo "1472"]
[BlackElo "423"]
[PlyCount "33"]
[EventDate "2014.02.01"]
[EventType "tourn (corr)"]
[EventRounds "4"]
[EventCountry "GER"]
[SourceTitle "Corr 2022"]
[Source "ChessBase"]
[SourceDate "2021.10.24"]
[SourceVersion "1"]
[SourceVersionDate "2021.10.24"]
[SourceQuality "1"]

1. d4 d5 2. c4 dxc4 3. Nf3 Bg4 4. Ne5 e6 5. Nxg4 e5 6. Nxe5 f5 7. Nc3 a5 8. e4 fxe4 9. Bxc4 Nf6 10. Bg5 g6 11. Bf7+ Ke7 12. Nd5+ Kd6 13. Bxf6 Qxf6 14. Nxf6 Ke7 15. Nd5+ Kd8 16. Qc1 Kc8 17. Qxc7# 1-0

[Event "ZN-2014-0-02583"]
[Site "LSS email"]
[Date "2014.01.29"]
[Round "?"]
[White "Lenz, Juergen"]
[Black "Mitschke, Jonas"]
[Result "1-0"]
[WhiteElo "1061"]
[BlackElo "444"]
[PlyCount "25"]
[EventDate "2014.01.26"]
[EventType "match (corr)"]
[EventRounds "2"]
[EventCountry "GER"]
[SourceTitle "Corr 2022"]
[Source "ChessBase"]
[SourceDate "2021.10.24"]
[SourceVersion "1"]
[SourceVersionDate "2021.10.24"]
[SourceQuality "1"]

1. d4 d5 2. g3 Bg4 3. Bg2 Bxe2 4. Qxe2 Nc6 5. Nf3 Nxd4 6. Nxd4 c5 7. Nb3 d4 8. Bxb7 Rb8 9. Bc6+ Qd7 10. Bxd7+ Kxd7 11. Nxc5+ Ke8 12. Qa6 Rb6 13. Qc8# 1-0

[Event "OP-2014-0-03267"]
[Site "LSS email"]
[Date "2014.01.28"]
[Round "?"]
[White "Mitschke, Jonas"]
[Black "Meijers, John"]
[Result "0-1"]
[WhiteElo "256"]
[BlackElo "994"]
[PlyCount "38"]
[EventDate "2014.01.26"]
[EventType "tourn (corr)"]
[EventRounds "4"]
[EventCountry "GER"]
[SourceTitle "Telechess CBM 167"]
[Source "ChessBase"]
[SourceDate "2015.07.13"]
[SourceVersion "1"]
[SourceVersionDate "2015.07.13"]
[SourceQuality "1"]

1. c4 Nf6 2. d4 e6 3. c5 Nc6 4. Bg5 Be7 5. a4 d5 6. a5 e5 7. Ra3 Nxd4 8. Ra4 Bxc5 9. Rc4 b6 10. Rc3 Bb4 11. Qd2 Bxc3 12. Qxc3 Bf5 13. Qxd4 exd4 14. Na3 Qd6 15. Nb5 Qb4+ 16. Kd1 Qb3+ 17. Ke1 Qxb2 18. h3 Ne4 19. Be7 Qd2# 0-1

[Event "OP-2014-0-03252"]
[Site "LSS email"]
[Date "2014.01.22"]
[Round "?"]
[White "Mitschke, Jonas"]
[Black "Perez Garcia, Miguel"]
[Result "0-1"]
[WhiteElo "256"]
[BlackElo "1242"]
[PlyCount "52"]
[EventDate "2014.01.19"]
[EventType "tourn (corr)"]
[EventRounds "4"]
[EventCountry "GER"]
[SourceTitle "Telechess CBM 167"]
[Source "ChessBase"]
[SourceDate "2015.07.13"]
[SourceVersion "1"]
[SourceVersionDate "2015.07.13"]
[SourceQuality "1"]

1. h4 c5 2. Rh3 d5 3. Re3 Nc6 4. Re5 Nxe5 5. h5 Nf6 6. a4 g6 7. Ra3 Nxh5 8. Re3 Bg7 9. Rxe5 Bxe5 10. Nf3 Bg7 11. Ne5 Bxe5 12. a5 Qxa5 13. g4 Bxg4 14. Nc3 Rd8 15. Bg2 d4 16. d3 dxc3 17. bxc3 Bxc3+ 18. Kf1 Qa1 19. Bxb7 Bb2 20. Bh6 Qxd1+ 21. Kg2 Rd7 22. c4 Bh3+ 23. Kxh3 Qf1+ 24. Kh2 Be5+ 25. f4 Rxb7 26. e4 Rb2# 0-1

[Event "OP-2014-0-03252"]
[Site "LSS email"]
[Date "2014.01.22"]
[Round "?"]
[White "Pepermans, Toon"]
[Black "Mitschke, Jonas"]
[Result "1-0"]
[WhiteElo "2370"]
[BlackElo "256"]
[PlyCount "175"]
[EventDate "2014.01.19"]
[EventType "tourn (corr)"]
[EventRounds "4"]
[EventCountry "GER"]
[SourceTitle "Telechess CBM 167"]
[Source "ChessBase"]
[SourceDate "2015.07.13"]
[SourceVersion "1"]
[SourceVersionDate "2015.07.13"]
[SourceQuality "1"]

1. Nc3 h5 2. e4 Rh6 3. f3 Rd6 4. d3 Rd4 5. a3 Rd6 6. Nge2 Rd4 7. h3 h4 8. g4 d5 9. f4 dxe4 10. Nxe4 Be6 11. Nxd4 Nc6 12. Nxe6 Nd4 13. Nxd8 Kxd8 14. Bg2 Ne2 15. Qxe2 Kc8 16. Ng5 f6 17. Ne6 Kb8 18. Nxf8 a5 19. Ng6 Ra6 20. Nxh4 Re6 21. Qxe6 Ka8 22. Qxg8+ Ka7 23. Qxg7 a4 24. Qxe7 b5 25. Qxc7+ Ka6 26. Qc3 Kb6 27. Qxf6+ Ka5 28. Qc3+ Ka6 29. f5 Ka7 30. f6 Kb8 31. f7 Ka7 32. Nf3 Ka6 33. g5 Ka7 34. g6 Kb6 35. h4 Ka7 36. h5 Ka8 37. h6 Kb8 38. d4 Kb7 39. Bd2 Ka6 40. d5 Ka7 41. d6 Ka8 42. g7 Ka7 43. h7 Ka8 44. d7 Kb7 45. d8N+ Ka6 46. f8N Kb6 47. g8N Ka6 48. h8N Kb6 49. Nde6 Ka7 50. Nf4 Ka8 51. N8e6 Ka7 52. Nf6 Ka6 53. Nhg6 Ka7 54. Ng4 Ka6 55. Ned4 Kb6 56. Qb4 Ka6 57. Qxb5+ Ka7 58. Qxa4+ Kb8 59. Ngh4 Kc8 60. c4 Kd8 61. b4 Ke7 62. c5 Kf8 63. c6 Ke8 64. c7+ Kf7 65. Qc6 Kg7 66. c8N Kh7 67. b5 Kg7 68. a4 Kh7 69. a5 Kh8 70. a6 Kh7 71. a7 Kg7 72. b6 Kh7 73. a8N Kg7 74. Nc7 Kh8 75. Nfe5 Kh7 76. Nc4 Kh8 77. b7 Kh7 78. Qf3 Kh8 79. Qg3 Kh7 80. b8N Kg8 81. Nbc6 Kh7 82. Nd3 Kh8 83. Nc5 Kh7 84. Nhf3+ Kg8 85. Nf2+ Kf7 86. Nh4 Kf8 87. Nfe4 Kf7 88. 0-0# 1-0

[Event "OP-2014-0-03247"]
[Site "LSS email"]
[Date "2014.01.20"]
[Round "?"]
[White "Lubomirski, Jaroslaw"]
[Black "Mitschke, Jonas"]
[Result "1-0"]
[WhiteElo "800"]
[BlackElo "501"]
[PlyCount "27"]
[EventDate "2014.01.18"]
[EventType "tourn (corr)"]
[EventRounds "4"]
[EventCountry "GER"]
[SourceTitle "Corr 2022"]
[Source "ChessBase"]
[SourceDate "2021.10.24"]
[SourceVersion "1"]
[SourceVersionDate "2021.10.24"]
[SourceQuality "1"]

1. d4 a5 2. e4 Ra6 3. Bxa6 bxa6 4. Nf3 Nc6 5. 0-0 a4 6. Nc3 Nxd4 7. Qxd4 a5 8. Qxa4 Ba6 9. Re1 h5 10. Bf4 Bc4 11. Qxc4 Rh6 12. Bxh6 gxh6 13. Ne5 h4 14. Qxf7# 1-0

[Event "ZN-2014-0-02569"]
[Site "LSS email"]
[Date "2014.01.20"]
[Round "?"]
[White "Mitschke, Jonas"]
[Black "Lenz, Juergen"]
[Result "0-1"]
[WhiteElo "501"]
[BlackElo "1075"]
[PlyCount "34"]
[EventDate "2014.01.17"]
[EventType "match (corr)"]
[EventRounds "2"]
[EventCountry "GER"]
[SourceTitle "Corr 2022"]
[Source "ChessBase"]
[SourceDate "2021.10.24"]
[SourceVersion "1"]
[SourceVersionDate "2021.10.24"]
[SourceQuality "1"]

1. d4 c5 2. Bg5 Qb6 3. Nc3 cxd4 4. Qd2 dxc3 5. Qxc3 Nc6 6. Rd1 d6 7. Rd5 Be6 8. Rd4 Qxd4 9. Qxd4 Nxd4 10. a4 Nxc2+ 11. Kd2 Nd4 12. Ke1 Rc8 13. a5 Rc2 14. h4 Rxb2 15. h5 Nb3 16. Rh3 Rb1+ 17. Bc1 Rxc1# 0-1

[Event "OP-2014-0-03247"]
[Site "LSS email"]
[Date "2014.01.20"]
[Round "?"]
[White "Mitschke, Jonas"]
[Black "Lubas, Jozef"]
[Result "0-1"]
[WhiteElo "501"]
[BlackElo "2146"]
[PlyCount "24"]
[EventDate "2014.01.18"]
[EventType "tourn (corr)"]
[EventRounds "4"]
[EventCountry "GER"]
[SourceTitle "Corr 2022"]
[Source "ChessBase"]
[SourceDate "2021.10.24"]
[SourceVersion "1"]
[SourceVersionDate "2021.10.24"]
[SourceQuality "1"]

1. a4 e5 2. Ra3 Bxa3 3. bxa3 Nf6 4. Nc3 d5 5. Nxd5 Qxd5 6. Bb2 0-0 7. a5 Nc6 8. a4 Qxa5 9. Bxe5 Ne4 10. Bxg7 Rd8 11. e3 Rxd2 12. Qxd2 Qxd2# 0-1

[Event "ZN-2014-0-02562"]
[Site "LSS email"]
[Date "2014.01.15"]
[Round "?"]
[White "Mitschke, Jonas"]
[Black "Schuster, Beate"]
[Result "0-1"]
[WhiteElo "259"]
[BlackElo "858"]
[PlyCount "40"]
[EventDate "2014.01.13"]
[EventType "match (corr)"]
[EventRounds "2"]
[EventCountry "GER"]
[SourceTitle "Telechess CBM 167"]
[Source "ChessBase"]
[SourceDate "2015.07.13"]
[SourceVersion "1"]
[SourceVersionDate "2015.07.13"]
[SourceQuality "1"]

1. d4 d5 2. Bg5 f6 3. Bf4 Nc6 4. Nh3 e5 5. a4 exf4 6. Ra3 Bxa3 7. bxa3 Bxh3 8. gxh3 Nge7 9. Nc3 0-0 10. Nxd5 Qxd5 11. a5 Qxh1 12. d5 Rad8 13. h4 Rxd5 14. c4 Rxd1+ 15. Kxd1 Qxf1+ 16. Kd2 Rd8+ 17. Kc2 Qxe2+ 18. Kb3 Rd3+ 19. Ka4 Qb2 20. c5 Rxa3# 0-1

[Event "ZN-2014-0-02545"]
[Site "LSS email"]
[Date "2014.01.07"]
[Round "?"]
[White "Conti, Federico"]
[Black "Mitschke, Jonas"]
[Result "1-0"]
[WhiteElo "1236"]
[BlackElo "574"]
[PlyCount "45"]
[EventDate "2014.01.03"]
[EventType "match (corr)"]
[EventRounds "2"]
[EventCountry "GER"]
[SourceTitle "Corr 2022"]
[Source "ChessBase"]
[SourceDate "2021.10.24"]
[SourceVersion "1"]
[SourceVersionDate "2021.10.24"]
[SourceQuality "1"]

1. c4 c5 2. g3 d6 3. Bg2 Bg4 4. Bxb7 Bf3 5. Nxf3 Qd7 6. Bxa8 Qd8 7. Qa4+ Qd7 8. Qxd7+ Kxd7 9. 0-0 Ke8 10. d4 cxd4 11. Nxd4 a5 12. Nc6 a4 13. e4 Nxc6 14. Bxc6+ Kd8 15. c5 dxc5 16. Bf4 e6 17. Nc3 Ke7 18. Rad1 c4 19. Rd7+ Ke8 20. Rfd1 Bb4 21. Rd8+ Ke7 22. e5 f5 23. R1d7# 1-0

[Event "OP-2013-0-03177"]
[Site "LSS email"]
[Date "2013.12.15"]
[Round "?"]
[White "Bergweiler, Rolf"]
[Black "Mitschke, Jonas"]
[Result "1-0"]
[WhiteElo "904"]
[BlackElo "259"]
[PlyCount "43"]
[EventDate "2013.12.13"]
[EventType "tourn (corr)"]
[EventRounds "4"]
[EventCountry "GER"]
[SourceTitle "Telechess CBM 167"]
[Source "ChessBase"]
[SourceDate "2015.07.13"]
[SourceVersion "1"]
[SourceVersionDate "2015.07.13"]
[SourceQuality "1"]

1. e4 h5 2. d4 a5 3. Nf3 f6 4. Be2 Ra6 5. Ng5 fxg5 6. Bxh5+ Rxh5 7. Qxh5+ g6 8. Qxg5 e6 9. Qxg6+ Ke7 10. Bg5+ Kd6 11. e5+ Kd5 12. Nc3+ Kc6 13. Qe4+ Kb6 14. Bxd8 Bb4 15. 0-0 Ka7 16. Bxc7 Rc6 17. Nb5+ Ka8 18. c3 b6 19. cxb4 a4 20. Rac1 d6 21. Rxc6 Kb7 22. Rxb6# 1-0

[Event "OP-2013-0-03177"]
[Site "LSS email"]
[Date "2013.12.15"]
[Round "?"]
[White "Mitschke, Jonas"]
[Black "Raines, David T"]
[Result "0-1"]
[WhiteElo "259"]
[BlackElo "898"]
[PlyCount "36"]
[EventDate "2013.12.13"]
[EventType "tourn (corr)"]
[EventRounds "4"]
[EventCountry "GER"]
[SourceTitle "Telechess CBM 167"]
[Source "ChessBase"]
[SourceDate "2015.07.13"]
[SourceVersion "1"]
[SourceVersionDate "2015.07.13"]
[SourceQuality "1"]

1. h4 e5 2. a4 d5 3. e3 c5 4. Bb5+ Nc6 5. a5 a6 6. Ra4 Nf6 7. h5 axb5 8. Rah4 Be7 9. Nc3 h6 10. Rg4 Bxg4 11. Nxd5 Bxd1 12. Kxd1 Qxd5 13. Rh4 Ne4 14. Rxe4 Qxe4 15. d3 Rd8 16. Bd2 Qxg2 17. Kc1 Qxg1+ 18. Be1 Qxe1# 0-1

[Event "ZN-2013-0-02516"]
[Site "LSS email"]
[Date "2013.12.10"]
[Round "?"]
[White "Mitschke, Jonas"]
[Black "Venturas, Bob"]
[Result "0-1"]
[WhiteElo "462"]
[BlackElo "756"]
[PlyCount "26"]
[EventDate "2013.12.08"]
[EventType "match (corr)"]
[EventRounds "2"]
[EventCountry "GER"]
[SourceTitle "Corr 2015"]
[Source "ChessBase"]
[SourceDate "2015.07.17"]
[SourceVersion "1"]
[SourceVersionDate "2015.07.17"]
[SourceQuality "1"]

1. b4 a6 2. Ba3 d5 3. h4 Nf6 4. Rh3 Bxh3 5. Nxh3 e6 6. Ng5 h6 7. Nxf7 Kxf7 8. h5 Ne4 9. b5 Qf6 10. Be7 Qxa1 11. b6 cxb6 12. g3 Qd4 13. d3 Qxf2# 0-1